Makers of Indian literature Agha Shahit Ali / (Record no. 150307)

MARC details
000 -LEADER
fixed length control field 00717nam a22001937a 4500
005 - DATE AND TIME OF LATEST TRANSACTION
control field 20180310112517.0
010 ## - LCCN (DPL NO)
LC control number B-663981
020 ## - INTERNATIONAL STANDARD BOOK NUMBER
International Standard Book Number 9788126042487
Terms of availability 50.00
035 ## - SYSTEM CONTROL NUMBER
System control number B-663981
037 ## - SOURCE OF ACQUISITION
Stock number dpl
Source of stock number/acquisition PBD
082 ## - DEWEY DECIMAL CLASSIFICATION NUMBER
Classification number 821.9109
100 ## - MAIN ENTRY--PERSONAL NAME
Personal name Zaidi, Nishat
245 ## - TITLE STATEMENT
Title Makers of Indian literature Agha Shahit Ali /
Statement of responsibility, etc by Nishat Zaidi
260 ## - PUBLICATION, DISTRIBUTION, ETC. (IMPRINT)
Place of publication, distribution, etc New Delhi
Name of publisher, distributor, etc Sahitya Akademi
Date of publication, distribution, etc 2014
270 ## - ADDRESS
Address Swati, Mandir Marg,
City New Delhi
Postal code 110001
300 ## - PHYSICAL DESCRIPTION
Extent 135p.
Dimensions 21cm(pbk)
942 ## - ADDED ENTRY ELEMENTS (KOHA)
Source of classification or shelving scheme Dewey Decimal Classification
Item type English Books
Call number suffix ZAI
Classification part 821.9109
Holdings
Withdrawn status Lost status Not for loan Collection code Home library Current library Date acquired Source of acquisition Cost, normal purchase price Full call number Barcode Copy number Cost, replacement price Koha item type
      Non-fiction Ashok Vihar Ashok Vihar 10/03/2018 PBD/0079/16-17/27.2.2017/EN/AV/427/15.2.2017/1.3.2017 50.00 821.9109 ZAI B-663981 1 50.00 English Books

© Delhi Public Library
Hit Counter
free hit counter